000 00904nam a2200289 i 4500
003 DO-SdBNP
005 20260526113052.0
007 ta
008 260518b2025 dr ||||| |||| 00| 0 spa d
020 _a9789945299151
040 _aDO-SdBNP
_bspa
_cBNPHU
_erda
041 _aspa
082 4 _a RD861.5
_bO96a
_222
100 1 _aOvallez, Alexandra,
_eautor
_4aut.
_989640
245 1 0 _aAlexa :
_ben pensamientos, versos y prosas /
_cAlexandra Ovalles
264 4 _aSanto Domingo :
_bBega Editora,
_c©2025.
300 _a234 páginas ;
_c24 cm.
336 _atexto
_btxt
_2rdacontent
337 _asin mediación
_bn
_2rdamedia
338 _avolumen
_bnc
_2rdacarrier
500 _aIncluye datos biográficos del autor en la contracubierta
590 _aInventariado, 2026/BT
650 7 _aPoesía dominicana
_2LEMB
650 7 _aLiteratura dominicana
_2LEMB
910 _aBtavárez
942 _2ddc
_cLBS1
999 _c60769
_d60769